Návrh PID regulátora pre nestabilný systém

Gespeichert in:
Bibliographische Detailangaben
1. Verfasser: Polák, Tomáš, 1988- (Verfasst von)
Weitere Verfasser: Veselý, Vojtech, 1940- (Betreuung Doktorarbeit)
Format: Manuskript Buch
Sprache:Slowakisch
Veröffentlicht: Bratislava : STU v Bratislave FEI, 2010
Schlagworte:
Online-Zugang:VAIS
Tags: Tag hinzufügen
Keine Tags, Fügen Sie das erste Tag hinzu!

MARC

LEADER 00000ntm a22000003a 4500
001 stu209342
005 20150617230105.1
008 100818s2010------------------------slo-d
040 |a STU  |b slo 
041 0 |a slo 
100 1 |a Polák, Tomáš,  |d 1988-  |4 aut  |u E  |T FEI Fakulta elektrotechniky a informatiky  |X 51300  |U E  |Y 30  |7 A000051300 
242 0 0 |a PROJECTING PID PARAMETERS FOR UNSTABLE SYSTEM  |y eng 
245 1 |a Návrh PID regulátora pre nestabilný systém  
260 |a Bratislava :  |b STU v Bratislave FEI,  |c 2010 
300 |a 64 s 
650 7 |a priemyselná informatika  |2 stusub 
650 7 |a automatizácia  |2 stusub 
650 7 |a Aplikovaná informatika  |2 stusub 
650 7 |a PID regulátor  |2 stusub 
650 7 |a nestabilné systémy  |2 stusub 
700 1 |a Veselý, Vojtech,  |d 1940-  |4 ths  |u E011  |U FEI Fakulta elektrotechniky a informatiky  |T FEI Ústav robotiky a kybernetiky  |X 4973  |U E011  |Y 356  |7 A000004973 
856 4 |a info a plný text  |u http://is.stuba.sk/zp/portal_zp.pl?podrobnosti=60773  |3 VAIS